000 00209 a2200097 4500
001 3398
100 _aPuckett, A.E
245 _aGudided missile engineering
260 _a
_bMcgrawhill
_c
090 _c2673
_d2673
942 _aNUST-CAE
_cM
_c18591
999 _c238471
_d238471